Language Quiz

Random Language or French Quiz

Language Basics: French Quiz Stats

Quiz Updated Feb 15, 2015

Challenge
Share
Tweet
Embed
Score 0/55 Timer 08:00
0 Plays Today
English French % Correct
Yesoui
95.7%
Oneun
95.1%
Goodbon
94.8%
Where
93.6%
Nonon
93.3%
HiSalut
90.7%
Threetrois
90.4%
Thanksmerci
90.4%
Twodeux
90%
Sevensept
86.9%
Fivecinq
86.7%
Fourquatre
85.6%
Colors: Whiteblanc
85.1%
Nineneuf
84.7%
Colors: Redrouge
84.4%
Tendix
84.2%
Eighthuit
83.2%
French (language)français
83.2%
Sixsix
82.8%
ByeAu revoir
82.1%
Colors: Bluebleu
80.6%
Colors: Blacknoir
80.2%
Mondaylundi
79.9%
Biggrand
79.7%
Tuesdaymardi
79.2%
Badmauvais
78.7%
Smallpetit
78.1%
Colors: Greenvert
77.6%
English French % Correct
Maymai
77.3%
Novembernovembre
76.9%
Decemberdécembre
76.6%
Septemberseptembre
76.3%
Aprilavril
76.1%
Whatquoi
76%
Octoberoctobre
76%
Wednesdaymercredi
74.2%
My name is…Je m'appelle…
73.4%
Marchmars
72.5%
Pleases'il vous plaît
71.9%
Januaryjanvier
71.8%
Sundaydimanche
71.2%
Whoqui
70.5%
Saturdaysamedi
70.3%
Fridayvendredi
70.3%
Februaryfévrier
68.9%
Thursdayjeudi
68.8%
How are you?Ça va?
68.7%
Augustaoût
65.5%
Junejuin
63.9%
Sorry!Pardon!/Désolé!
62.3%
I don't knowje ne sais pas
62.2%
Whenquand
61.3%
Whypourquoi
60.3%
Julyjuillet
57.5%
I don't understandje ne comprends pas
46.4%

You're not logged in!

Compare scores with friends on all Sporcle quizzes.
Join for Free
OR
Log In

You Might Also Like...

Show Comments

Extras

Top Quizzes Today


Score Distribution

Your Account Isn't Verified!

In order to create a playlist on Sporcle, you need to verify the email address you used during registration. Go to your Sporcle Settings to finish the process.

Report this User

Report this user for behavior that violates our Community Guidelines.

Details: